[Event "37. Open Barberá del Vallés 2014"]
[Site "Barberá del Vallés ESP"]
[Date "2014.07.04"]
[Round "1.1"]
[White "Garriga Cazorla, Pere"]
[Black "Peralta, Fernando"]
[Result "0-1"]
[WhiteElo "2222"]
[BlackElo "2596"]
[PlyCount "124"]
[EventDate "2014.07.04"]
[EventType "swiss"]
[EventRounds "9"]
[EventCountry "ESP"]
[Source "lmi"]
[SourceDate "2014.07.04"]

1. d4 d6 2. Nf3 g6 3. c4 Bg4 4. g3 Bxf3 5. exf3 e6 6. Bg2 Bg7 7. O-O Ne7 8. Nc3
O-O 9. f4 d5 10. Be3 Nbc6 11. Qa4 Qd7 12. Rfd1 Rfd8 13. g4 a6 14. c5 b6 15. b4
b5 16. Qb3 a5 17. bxa5 Rdb8 18. a4 bxa4 19. Qc2 Rxa5 20. Rxa4 Nb4 21. Qb3 Rxa4
22. Nxa4 Nbc6 23. Qa3 Qc8 24. Nc3 Rb4 25. Na2 Rb7 26. Nc3 Qb8 27. Ne2 Rb3 28.
Qa4 h6 29. h3 Rb4 30. Qa3 Kh7 31. Bf3 Qb5 32. Qd3 Qxd3 33. Rxd3 Kg8 34. Kg2 f5
35. Bd2 Rc4 36. Be3 Kf7 37. Rd1 Na5 38. Nc1 Nec6 39. Be2 Rc2 40. Bd3 Rb2 41.
Bf1 Rb1 42. Bd3 Ra1 43. Bb5 Nxd4 44. Bxd4 Bxd4 45. Rxd4 Rxc1 46. Ra4 Nb3 47. c6
Rc5 48. Ra7 Rxb5 49. Rxc7+ Ke8 50. Rg7 Rc5 51. c7 Nd4 52. Rg8+ Kd7 53. Rxg6
Rxc7 54. Rxh6 Rc4 55. g5 Ne2 56. h4 Nxf4+ 57. Kf3 e5 58. Kg3 Rc3+ 59. f3 Rc2
60. Rh7+ Ke8 61. h5 Rg2+ 62. Kh4 Rh2+ 0-1

[Event "37. Open Barberá del Vallés 2014"]
[Site "Barberá del Vallés ESP"]
[Date "2014.07.04"]
[Round "1.3"]
[White "Andersen, Alf R"]
[Black "Aroshidze, Levan"]
[Result "0-1"]
[WhiteElo "2214"]
[BlackElo "2565"]
[PlyCount "138"]
[EventDate "2014.07.04"]
[EventType "swiss"]
[EventRounds "9"]
[EventCountry "ESP"]
[Source "lmi"]
[SourceDate "2014.07.04"]

1. e4 c5 2. f4 g6 3. Nc3 Bg7 4. Nf3 Nc6 5. b3 Nf6 6. e5 Nh5 7. g3 d6 8. Bb5 O-O
9. Bxc6 bxc6 10. Bb2 Bg4 11. Qe2 dxe5 12. fxe5 Qc7 13. O-O-O c4 14. Rde1 cxb3
15. axb3 Bxf3 16. Qxf3 Bxe5 17. g4 Ng7 18. h4 Rad8 19. h5 g5 20. Re2 h6 21.
Rhe1 Bf6 22. Ne4 Bxb2+ 23. Kxb2 Ne6 24. Qc3 Nf4 25. Rf2 Rd5 26. Ng3 Nd3+ 27.
cxd3 Qxg3 28. Ref1 Rxd3 29. Qc4 Rxb3+ 30. Kc2 Rbb8 31. Rxf7 Rxf7 32. Rxf7 Rb4
33. Qxb4 Kxf7 34. Qc4+ Kf6 35. Qxc6+ Qd6 36. Qc8 a6 37. Qf8+ Ke5 38. Qf5+ Kd4
39. Qf2+ Kc4 40. Qf7+ Kc5 41. d3 Kc6 42. Qg6 a5 43. Kc3 Kb5 44. Kc2 a4 45. Qg8
Qc6+ 46. Kb2 Qf6+ 47. Kc2 Qf2+ 48. Kc3 Qc5+ 49. Kd2 Qb4+ 50. Kc2 a3 51. Qe8+
Kb6 52. Qb8+ Kc5 53. Qc8+ Kd4 54. Qh8+ Ke3 55. Qe5+ Kf3 56. Qf5+ Kg3 57. Qe5+
Kxg4 58. Qe2+ Kf5 59. Qf2+ Ke6 60. Qe3+ Kf6 61. d4 Qa4+ 62. Kc1 Qc6+ 63. Kd2 a2
64. Qe5+ Kf7 65. Qf5+ Kg7 66. Qa5 Qg2+ 67. Kc3 Qe2 68. Kb3 g4 69. Qa6 Qxa6 0-1

[Event "37. Open Barberá del Vallés 2014"]
[Site "Barberá del Vallés ESP"]
[Date "2014.07.04"]
[Round "1.4"]
[White "Narciso Dublan, Marc"]
[Black "Rojano Alfonso, Carlos"]
[Result "1-0"]
[WhiteElo "2523"]
[BlackElo "2213"]
[PlyCount "139"]
[EventDate "2014.07.04"]
[EventType "swiss"]
[EventRounds "9"]
[EventCountry "ESP"]
[Source "lmi"]
[SourceDate "2014.07.04"]

1. d4 e6 2. c4 Nf6 3. Nc3 Bb4 4. Nf3 Ne4 5. Qc2 f5 6. g3 b6 7. Bg2 Bb7 8. Nd2
Bxc3 9. bxc3 Nd6 10. Bxb7 Nxb7 11. e4 O-O 12. O-O Nc6 13. Ba3 d6 14. d5 exd5
15. cxd5 Ne7 16. Nf3 Qd7 17. Nd4 f4 18. Ne6 f3 19. Qd1 Ng6 20. Kh1 Ne5 21. Rg1
Nd8 22. Nxf8 Qh3 23. g4 Nxg4 24. Rxg4 Qxg4 25. Qg1 Qxg1+ 26. Rxg1 Kxf8 27. Rg3
Nf7 28. Rxf3 Re8 29. Re3 Ne5 30. Re2 Re7 31. Kg1 Rf7 32. Bc1 g5 33. Be3 g4 34.
Bd4 Ng6 35. Kf1 h5 36. e5 dxe5 37. Bxe5 Rf5 38. Bxc7 Rxd5 39. Bb8 Rd7 40. Re4
Kf7 41. Ke2 a6 42. Ra4 a5 43. Rc4 b5 44. Rc5 Rb7 45. Bc7 a4 46. a3 Ne7 47. Bg3
Kg6 48. Kd3 Nf5 49. Bf4 Rd7+ 50. Ke4 Re7+ 51. Kd3 Rd7+ 52. Kc2 Re7 53. Be5 Nh4
54. Rc6+ Kf5 55. Bf6 Re2+ 56. Kd3 Rxf2 57. Bxh4 Rxh2 58. Rf6+ Ke5 59. Bg3+ Kxf6
60. Bxh2 Kf5 61. Bg3 Kg5 62. Ke4 h4 63. Bf4+ Kh5 64. Kf5 g3 65. Bc7 g2 66. Bh2
h3 67. Bg1 Kh4 68. Kf4 h2 69. Bxh2 Kh3 70. Bg1 1-0

[Event "37. Open Barberá del Vallés 2014"]
[Site "Barberá del Vallés ESP"]
[Date "2014.07.04"]
[Round "1.5"]
[White "Capellades Subirana, Marc"]
[Black "Gomez Garrido, Camilo Ernesto"]
[Result "0-1"]
[WhiteElo "2211"]
[BlackElo "2495"]
[PlyCount "78"]
[EventDate "2014.07.04"]
[EventType "swiss"]
[EventRounds "9"]
[EventCountry "ESP"]
[Source "lmi"]
[SourceDate "2014.07.04"]

1. e4 c5 2. Nf3 d6 3. d4 cxd4 4. Nxd4 Nf6 5. Nc3 a6 6. Be2 e6 7. a4 Be7 8. Be3
Qc7 9. O-O b6 10. f4 Bb7 11. Bf3 Nbd7 12. Kh1 O-O 13. Nde2 Nc5 14. Ng3 Rac8 15.
Qe2 Rfe8 16. Bd4 e5 17. fxe5 dxe5 18. Be3 Ne6 19. Nh5 Nf4 20. Nxf6+ Bxf6 21.
Qf2 Bd8 22. Bg4 Rb8 23. g3 Ng6 24. Bxb6 Bxe4+ 25. Nxe4 Rxb6 26. Rad1 f6 27. Rd7
Qc6 28. Rfd1 Qxe4+ 29. Bf3 Qxa4 30. Rxd8 Rb8 31. Rxb8 Rxb8 32. Qa7 Qb5 33. c4
Qb3 34. Rd3 Qb4 35. b3 e4 36. Rd7 Qe1+ 37. Kg2 exf3+ 38. Kh3 Qf1+ 39. Kg4 Ne5+
0-1

[Event "37. Open Barberá del Vallés 2014"]
[Site "Barberá del Vallés ESP"]
[Date "2014.07.04"]
[Round "1.7"]
[White "Chalmeta Ugas, Jordi"]
[Black "Cruz, Jonathan"]
[Result "0-1"]
[WhiteElo "2187"]
[BlackElo "2471"]
[PlyCount "76"]
[EventDate "2014.07.04"]
[EventType "swiss"]
[EventRounds "9"]
[EventCountry "ESP"]
[Source "lmi"]
[SourceDate "2014.07.04"]

1. d4 Nf6 2. c4 c5 3. d5 b5 4. cxb5 a6 5. bxa6 g6 6. Nc3 Bxa6 7. e4 Bxf1 8.
Kxf1 d6 9. g3 Bg7 10. Kg2 O-O 11. Nge2 Nbd7 12. Rb1 Ra6 13. b3 Qa8 14. f3 e6
15. dxe6 fxe6 16. Nf4 d5 17. exd5 exd5 18. a4 d4 19. Nb5 Nd5 20. Rf1 Raf6 21.
Qd3 Kh8 22. Qe4 N7b6 23. Bd2 Nxf4+ 24. Bxf4 Nd5 25. Bd2 Re8 26. Qd3 Ne3+ 27.
Bxe3 Rxe3 28. Qd1 g5 29. h3 h5 30. b4 g4 31. hxg4 hxg4 32. Rb3 gxf3+ 33. Kg1
Qb8 34. Rxf3 Rfxf3 35. Rxe3 Qxg3+ 36. Kh1 Qh4+ 37. Kg1 Qf2+ 38. Kh1 Qxe3 0-1

[Event "37. Open Barberá del Vallés 2014"]
[Site "Barberá del Vallés ESP"]
[Date "2014.07.04"]
[Round "1.8"]
[White "Ghosh, Diptayan"]
[Black "Hagesather, Ellen"]
[Result "1-0"]
[WhiteElo "2468"]
[BlackElo "2182"]
[PlyCount "99"]
[EventDate "2014.07.04"]
[EventType "swiss"]
[EventRounds "9"]
[EventCountry "ESP"]
[Source "lmi"]
[SourceDate "2014.07.04"]

1. d4 f5 2. g3 Nf6 3. Bg2 e6 4. Nf3 d5 5. O-O Bd6 6. c4 c6 7. b3 Qe7 8. Bb2 O-O
9. Ne5 b6 10. cxd5 exd5 11. Nd2 Bb7 12. Ndf3 Ne4 13. Rc1 a5 14. a4 Qe8 15. Nd2
Ng5 16. Qc2 Ne6 17. e3 Bxe5 18. dxe5 Nd7 19. Ba3 Ndc5 20. Rfd1 g5 21. Nf3 Qg6
22. Nd4 Rf7 23. Nxe6 Nxe6 24. f4 gxf4 25. exf4 h5 26. Qf2 h4 27. Rd3 Rg7 28.
Rc2 Qh6 29. Qxb6 h3 30. Bf1 d4 31. Rxd4 Nxd4 32. Qxd4 c5 33. Qxc5 Rc8 34. Qd6
Qxd6 35. Rxc8+ Bxc8 36. exd6 Be6 37. Bb5 Rb7 38. Kf2 Kf7 39. Ke3 Bd7 40. Kd4
Bxb5 41. axb5 Ke6 42. Kc5 Kd7 43. b6 Rb8 44. Kb5 Rg8 45. b7 Rxg3 46. hxg3 h2
47. b8=Q h1=Q 48. Qc7+ Ke6 49. Qe7+ Kd5 50. Qb7+ 1-0

[Event "37. Open Barberá del Vallés 2014"]
[Site "Barberá del Vallés ESP"]
[Date "2014.07.04"]
[Round "1.9"]
[White "Anguera Maestro, Jaime"]
[Black "Munoz Pantoja, Miguel"]
[Result "0-1"]
[WhiteElo "2179"]
[BlackElo "2457"]
[PlyCount "62"]
[EventDate "2014.07.04"]
[EventType "swiss"]
[EventRounds "9"]
[EventCountry "ESP"]
[Source "lmi"]
[SourceDate "2014.07.04"]

1. d4 c5 2. e3 Nf6 3. Nf3 g6 4. Be2 Bg7 5. O-O O-O 6. b3 cxd4 7. exd4 Nc6 8.
Bb2 d5 9. Ne5 Nd7 10. Nxd7 Bxd7 11. c3 e5 12. dxe5 Bxe5 13. Nd2 Bf5 14. Nf3 Bg7
15. Nd4 Nxd4 16. cxd4 Re8 17. Bd3 Qg5 18. Bc1 Qh4 19. Be3 Be4 20. g3 Qh3 21.
Bxe4 dxe4 22. Rc1 Rad8 23. Qd2 b6 24. f4 exf3 25. Rxf3 Qg4 26. Rcf1 Qe4 27.
R1f2 f5 28. Qc2 Qxc2 29. Rxc2 Rxe3 30. Rxe3 Bxd4 31. Kf2 Re8 0-1

[Event "37. Open Barberá del Vallés 2014"]
[Site "Barberá del Vallés ESP"]
[Date "2014.07.04"]
[Round "1.11"]
[White "Iagar, Razvan-Gabriel"]
[Black "Gomez Ledo, Roberto Carlos"]
[Result "1/2-1/2"]
[WhiteElo "2168"]
[BlackElo "2429"]
[PlyCount "50"]
[EventDate "2014.07.04"]
[EventType "swiss"]
[EventRounds "9"]
[EventCountry "ESP"]
[Source "lmi"]
[SourceDate "2014.07.04"]

1. d4 Nf6 2. c4 e6 3. Nf3 Bb4+ 4. Bd2 c5 5. a3 Bxd2+ 6. Qxd2 Nc6 7. Nc3 cxd4 8.
Nxd4 Qb6 9. e3 Nxd4 10. exd4 d6 11. Be2 Bd7 12. b4 O-O 13. c5 Qc7 14. O-O Rfd8
15. Qf4 Rac8 16. Rac1 Bc6 17. Nb5 Bxb5 18. Bxb5 Nd5 19. Qf3 a5 20. Bc4 dxc5 21.
Bxd5 Rxd5 22. Rxc5 Qd7 23. Rxd5 Qxd5 24. Qxd5 exd5 25. bxa5 g6 1/2-1/2

[Event "37. Open Barberá del Vallés 2014"]
[Site "Barberá del Vallés ESP"]
[Date "2014.07.04"]
[Round "1.12"]
[White "Lorenzo De La Riva, Lazaro"]
[Black "Raghunandan, Kaumandur Srihari"]
[Result "1/2-1/2"]
[WhiteElo "2426"]
[BlackElo "2148"]
[PlyCount "134"]
[EventDate "2014.07.04"]
[EventType "swiss"]
[EventRounds "9"]
[EventCountry "ESP"]
[Source "lmi"]
[SourceDate "2014.07.04"]

1. Nf3 d5 2. g3 Bg4 3. Bg2 Nd7 4. d4 e6 5. O-O Ngf6 6. Nbd2 Bd6 7. Re1 c6 8. e4
dxe4 9. Nxe4 Nxe4 10. Rxe4 Nf6 11. Re1 O-O 12. c3 h6 13. Qb3 Bxf3 14. Bxf3 Qd7
15. Be3 Rfe8 16. Rad1 Qc7 17. c4 Bf8 18. Bf4 Qb6 19. Qxb6 axb6 20. a3 g5 21.
Bc7 Rec8 22. Bxb6 Nd7 23. Bc5 Bxc5 24. dxc5 Rc7 25. Rd6 Nxc5 26. Red1 Kf8 27.
Rd8+ Rxd8 28. Rxd8+ Kg7 29. b4 Rd7 30. Rb8 Nd3 31. Be2 Ne5 32. h3 Rd2 33. Kf1
Ra2 34. Rxb7 Rxa3 35. Bh5 Ra1+ 36. Kg2 Ra2 37. b5 cxb5 38. cxb5 Rb2 39. b6 Kf6
40. Kf1 Rb1+ 41. Ke2 Rb2+ 42. Kd1 Kf5 43. Bxf7 Nc4 44. Bh5 Rxb6 45. Rf7+ Ke5
46. Ke2 Rb2+ 47. Kf1 Nd2+ 48. Kg2 Ne4 49. Bg6 Nf6 50. Ra7 Nd5 51. Ra3 Ne7 52.
Be8 Nf5 53. Bd7 Rd2 54. Bc8 Rc2 55. Ba6 Rc6 56. Ra2 Kf6 57. Be2 Kg6 58. Bd3 Kf6
59. Be4 Rc4 60. Bf3 Rc7 61. Bg4 Rb7 62. Be2 Rc7 63. Bd3 Rc6 64. Ra3 Rd6 65. Kf3
h5 66. Kg2 h4 67. Bxf5 exf5 1/2-1/2

[Event "37. Open Barberá del Vallés 2014"]
[Site "Barberá del Vallés ESP"]
[Date "2014.07.04"]
[Round "1.13"]
[White "Menac Comas, Joan Ramon"]
[Black "Oliva Castaneda, Kevel"]
[Result "0-1"]
[WhiteElo "2147"]
[BlackElo "2419"]
[PlyCount "94"]
[EventDate "2014.07.04"]
[EventType "swiss"]
[EventRounds "9"]
[EventCountry "ESP"]
[Source "lmi"]
[SourceDate "2014.07.04"]

1. c4 Nf6 2. Nc3 g6 3. e4 d6 4. d4 Bg7 5. f4 c5 6. d5 O-O 7. Nf3 e6 8. dxe6
fxe6 9. Bd3 Nc6 10. O-O Nd4 11. Nxd4 cxd4 12. Nb5 e5 13. Qb3 Be6 14. Qb4 Ne8
15. Bd2 Qd7 16. Rf3 a6 17. Na3 Nf6 18. fxe5 dxe5 19. c5 Qc6 20. Nc4 Nd7 21.
Rxf8+ Bxf8 22. Na5 Qc8 23. Bc4 Nxc5 24. Rc1 Qd7 25. Bxe6+ Nxe6 26. Qc4 Kh8 27.
b4 Re8 28. Qd5 Qxd5 29. exd5 Ng7 30. Nxb7 Nf5 31. g4 Nd6 32. Nxd6 Bxd6 33. Rc6
Rd8 34. Bg5 Rd7 35. Rxa6 Bxb4 36. Rb6 Bc5 37. Bf6+ Kg8 38. Rb8+ Kf7 39. Bxe5
d3+ 40. Kf1 d2 41. Ke2 Rxd5 42. Rb7+ Ke6 43. Kd1 Kxe5 44. Rxh7 Be3 45. Rb7 Rc5
46. Ke2 Rc1 47. Rd7 Re1+ 0-1

[Event "37. Open Barberá del Vallés 2014"]
[Site "Barberá del Vallés ESP"]
[Date "2014.07.04"]
[Round "1.14"]
[White "Mascaro March, Pedro"]
[Black "Fabre Massana, Miquel"]
[Result "1-0"]
[WhiteElo "2417"]
[BlackElo "2116"]
[PlyCount "109"]
[EventDate "2014.07.04"]
[EventType "swiss"]
[EventRounds "9"]
[EventCountry "ESP"]
[Source "lmi"]
[SourceDate "2014.07.04"]

1. d4 Nf6 2. Nf3 d5 3. c4 c6 4. e3 e6 5. Nc3 Nbd7 6. Qc2 Be7 7. Bd3 dxc4 8.
Bxc4 b5 9. Bd3 a6 10. e4 c5 11. e5 Nd5 12. Nxd5 exd5 13. Bxh7 Nf8 14. Bf5 c4
15. Bxc8 Rxc8 16. O-O Rc6 17. Qf5 Rg6 18. Be3 Ne6 19. Rfd1 Qb6 20. g3 b4 21.
Ne1 a5 22. Ng2 Qb7 23. h4 Nc7 24. Nf4 Rb6 25. Qg4 Ne6 26. Nxe6 Rxe6 27. h5 Qc6
28. Kg2 g6 29. Rh1 Rxh5 30. Rxh5 gxh5 31. Qxh5 Bf8 32. Rh1 a4 33. Qf5 b3 34.
axb3 axb3 35. Ra1 Qb7 36. Bd2 Ra6 37. Rxa6 Qxa6 38. Bc3 Qe6 39. Qb1 Qg6 40. Qa1
Qe4+ 41. Kg1 f6 42. Qa4+ Kf7 43. Qd7+ Be7 44. exf6 Kxf6 45. Qh3 Kg7 46. Qg2 Kg6
47. Qxe4+ dxe4 48. f4 exf3 49. Kf2 Bg5 50. Kxf3 Kf5 51. g4+ Ke6 52. Ke4 Kd6 53.
Kf5 Be3 54. g5 Kd5 55. g6 1-0

[Event "37. Open Barberá del Vallés 2014"]
[Site "Barberá del Vallés ESP"]
[Date "2014.07.04"]
[Round "1.15"]
[White "Del Amo Carbo, Jordi"]
[Black "Cruz, Filemon"]
[Result "0-1"]
[WhiteElo "2112"]
[BlackElo "2412"]
[PlyCount "50"]
[EventDate "2014.07.04"]
[EventType "swiss"]
[EventRounds "9"]
[EventCountry "ESP"]
[Source "lmi"]
[SourceDate "2014.07.04"]

1. d4 d5 2. c4 c6 3. Nf3 Nf6 4. e3 Bf5 5. Nc3 e6 6. Be2 h6 7. O-O Nbd7 8. a3
Bd6 9. h3 Qe7 10. cxd5 exd5 11. Re1 g5 12. b4 a6 13. Bb2 Rg8 14. Bd3 Ne4 15. g4
Bg6 16. Bxe4 dxe4 17. Nd2 f5 18. Nc4 O-O-O 19. Qa4 fxg4 20. d5 Ne5 21. b5 Nxc4
22. Qxc4 gxh3 23. bxa6 h2+ 24. Kh1 Bh5 25. axb7+ Kb8 0-1

[Event "37. Open Barberá del Vallés 2014"]
[Site "Barberá del Vallés ESP"]
[Date "2014.07.04"]
[Round "1.16"]
[White "Palit, Somak"]
[Black "Bernat, Ernest"]
[Result "1-0"]
[WhiteElo "2411"]
[BlackElo "2101"]
[PlyCount "51"]
[EventDate "2014.07.04"]
[EventType "swiss"]
[EventRounds "9"]
[EventCountry "ESP"]
[Source "lmi"]
[SourceDate "2014.07.04"]

1. e4 c5 2. Nf3 d6 3. Bc4 e6 4. O-O Nf6 5. d3 Be7 6. Bb3 Nc6 7. c3 O-O 8. Re1
b5 9. d4 cxd4 10. cxd4 d5 11. e5 Nd7 12. Nc3 a6 13. Bc2 g6 14. Bh6 Re8 15. Rc1
Bb7 16. Qd2 Qb6 17. Qf4 Nd8 18. Ne2 Bf8 19. Ng3 Rc8 20. Bb1 Rxc1 21. Rxc1 Bxh6
22. Qxh6 Nf8 23. Nh5 gxh5 24. Ng5 Qa5 25. Bxh7+ Kh8 26. Qf6# 1-0

[Event "37. Open Barberá del Vallés 2014"]
[Site "Barberá del Vallés ESP"]
[Date "2014.07.04"]
[Round "1.17"]
[White "Garcia Marin, Guillem"]
[Black "Aloma Vidal, Robert"]
[Result "0-1"]
[WhiteElo "2099"]
[BlackElo "2406"]
[PlyCount "114"]
[EventDate "2014.07.04"]
[EventType "swiss"]
[EventRounds "9"]
[EventCountry "ESP"]
[Source "lmi"]
[SourceDate "2014.07.04"]

1. d4 Nf6 2. Nf3 e6 3. g3 c5 4. c4 cxd4 5. Nxd4 Bb4+ 6. Nc3 Ne4 7. Qd3 Bxc3+ 8.
bxc3 Nc5 9. Qc2 d6 10. Bg2 Nbd7 11. O-O Ne5 12. Ba3 O-O 13. Rfd1 Bd7 14. Nb3
Qc7 15. Rxd6 Nxc4 16. Rxd7 Nxd7 17. Bxf8 Rxf8 18. a4 Nf6 19. Nd4 Rd8 20. Rd1 a6
21. Nb3 Rc8 22. Rd4 h5 23. e3 e5 24. Rd1 g6 25. Nd2 Nd6 26. Ne4 Ndxe4 27. Bxe4
Kg7 28. Bg2 b6 29. Qd3 a5 30. Bh3 Rb8 31. Bg2 Qc5 32. Rb1 Rc8 33. h3 Qc7 34.
Qb5 Qxc3 35. Qxb6 Qd2 36. Qb5 Rc2 37. Rf1 Qc3 38. Rb1 Ra2 39. Bc6 Rc2 40. Bg2
e4 41. Qb7 Qd3 42. Qb5 Qd2 43. Rf1 Qc3 44. Qb7 Qc4 45. Ra1 Nd5 46. Qb5 Qc3 47.
Rd1 Nxe3 48. fxe3 Rxg2+ 49. Kxg2 Qc2+ 50. Rd2 Qxd2+ 51. Kf1 Qd1+ 52. Kf2 Qf3+
53. Ke1 Qxe3+ 54. Kd1 Qg1+ 55. Kc2 Qf2+ 56. Kd1 e3 57. Qe5+ Kh7 0-1

[Event "37. Open Barberá del Vallés 2014"]
[Site "Barberá del Vallés ESP"]
[Date "2014.07.04"]
[Round "1.18"]
[White "Sanchez Enriquez, Oscar Gerard"]
[Black "Saez Coma, Alejandro"]
[Result "1-0"]
[WhiteElo "2401"]
[BlackElo "2097"]
[PlyCount "49"]
[EventDate "2014.07.04"]
[EventType "swiss"]
[EventRounds "9"]
[EventCountry "ESP"]
[Source "lmi"]
[SourceDate "2014.07.04"]

1. Nf3 Nf6 2. c4 e6 3. e3 b6 4. d4 Bb4+ 5. Nbd2 Bb7 6. Bd3 O-O 7. O-O d6 8. b3
e5 9. Qc2 Qe7 10. dxe5 dxe5 11. Ne4 Nbd7 12. Bb2 Nxe4 13. Bxe4 Bxe4 14. Qxe4
Bd6 15. Qf5 g6 16. Qc2 e4 17. Nd4 Nf6 18. Nc6 Bxh2+ 19. Kh1 Qc5 20. Qc3 Qxc6
21. Kxh2 Kg7 22. f3 Rfe8 23. fxe4 Re6 24. Rxf6 Rxf6 25. Rf1 1-0

[Event "37. Open Barberá del Vallés 2014"]
[Site "Barberá del Vallés ESP"]
[Date "2014.07.04"]
[Round "1.19"]
[White "Pozanco Romasanta, Marc"]
[Black "Matnadze, Ana"]
[Result "0-1"]
[WhiteElo "2088"]
[BlackElo "2389"]
[PlyCount "48"]
[EventDate "2014.07.04"]
[EventType "swiss"]
[EventRounds "9"]
[EventCountry "ESP"]
[Source "lmi"]
[SourceDate "2014.07.04"]

1. d4 Nf6 2. c4 e6 3. Nc3 Bb4 4. e3 Nc6 5. Nge2 d5 6. cxd5 exd5 7. Ng3 h5 8.
Bd3 h4 9. Nge2 h3 10. gxh3 Bxh3 11. Nf4 Bg4 12. f3 Bc8 13. a3 Bd6 14. Ncxd5
Nxd5 15. Nxd5 Qg5 16. Nc3 Qg2 17. Rf1 Rxh2 18. Be2 Bh3 19. Ne4 Bg3+ 20. Kd2
Qxf1 21. Qxf1 Bxf1 22. Nxg3 Bxe2 23. Nxe2 Na5 24. Kd3 c5 0-1

[Event "37. Open Barberá del Vallés 2014"]
[Site "Barberá del Vallés ESP"]
[Date "2014.07.04"]
[Round "1.20"]
[White "Das, Sayantan"]
[Black "Vigo Allepuz, David"]
[Result "1/2-1/2"]
[WhiteElo "2381"]
[BlackElo "2085"]
[PlyCount "101"]
[EventDate "2014.07.04"]
[EventType "swiss"]
[EventRounds "9"]
[EventCountry "ESP"]
[Source "lmi"]
[SourceDate "2014.07.04"]

1. e4 e6 2. d4 d5 3. Nc3 Bb4 4. e5 c5 5. a3 Ba5 6. b4 cxd4 7. Nb5 Bc7 8. Nf3
Nc6 9. Bf4 a6 10. Nbxd4 Nge7 11. Bd3 Nxd4 12. Nxd4 Ng6 13. Bxg6 hxg6 14. Qd2
Bb6 15. Nf3 Bd7 16. O-O Ba4 17. Rac1 Rc8 18. Be3 Rc4 19. c3 O-O 20. Bd4 Bxd4
21. cxd4 Qe7 22. Rxc4 dxc4 23. Rc1 Rc8 24. Qe3 Bd7 25. Ng5 b5 26. Qf4 f6 27.
Ne4 Rf8 28. Qg3 fxe5 29. dxe5 Rf5 30. Nd6 Qg5 31. Re1 Qd2 32. f3 Rf4 33. Ne4
Qd4+ 34. Kh1 Rf5 35. Nd6 Rf8 36. Qxg6 Qd2 37. Qe4 Rf4 38. Qe3 Rd4 39. Kg1 Qb2
40. Ne4 Rd3 41. Qg5 Qd4+ 42. Kf1 Bc6 43. Qg6 Bxe4 44. Qxe6+ Kh7 45. fxe4 Rd2
46. Qf5+ Kg8 47. e6 Qf6 48. Qxf6 gxf6 49. e5 f5 50. Re3 Kf8 51. Rf3 1/2-1/2

[Event "37. Open Barberá del Vallés 2014"]
[Site "Barberá del Vallés ESP"]
[Date "2014.07.04"]
[Round "1.21"]
[White "Balague Camps, Marc"]
[Black "Ruiz C, Joshua D"]
[Result "0-1"]
[WhiteElo "2082"]
[BlackElo "2374"]
[PlyCount "112"]
[EventDate "2014.07.04"]
[EventType "swiss"]
[EventRounds "9"]
[EventCountry "ESP"]
[Source "lmi"]
[SourceDate "2014.07.04"]

1. Nf3 c5 2. c4 Nc6 3. Nc3 g6 4. g3 Bg7 5. Bg2 e6 6. O-O Nge7 7. d3 d6 8. Bd2
h6 9. Rb1 Qd7 10. a3 b6 11. b4 Bb7 12. e3 g5 13. h3 Ng6 14. Ne1 O-O 15. Qh5
Nce7 16. e4 f5 17. Ne2 fxe4 18. dxe4 Ne5 19. Rc1 Qe8 20. Qxe8 Raxe8 21. b5 N5g6
22. Nd3 d5 23. f4 dxe4 24. Nf2 gxf4 25. Nxf4 Nxf4 26. Bxf4 Bd4 27. Rce1 Nf5 28.
Kh2 e5 29. Bc1 Bxf2 30. Rxf2 Nd4 31. Rxf8+ Rxf8 32. Kh1 Rf2 33. Bxh6 Nf5 34.
Be3 Rc2 35. Kh2 Rc3 36. Bd2 Rd3 37. Bc1 Nxg3 38. Re3 Rxe3 39. Bxe3 Nf5 40. Bg5
Nd6 41. Bf1 Kf7 42. Kg3 Bc8 43. Be2 Be6 44. Bh5+ Kg7 45. Bd8 Bxc4 46. a4 Nf5+
47. Kf2 e3+ 48. Ke1 Nd4 49. Bd1 e2 50. Bxe2 Nxe2 51. Bc7 Kf6 52. Bb8 Nc3 53.
Kd2 Nxa4 54. Bxa7 Bxb5 55. Ke3 Nb2 56. Ke4 Bc6+ 0-1

[Event "37. Open Barberá del Vallés 2014"]
[Site "Barberá del Vallés ESP"]
[Date "2014.07.04"]
[Round "1.22"]
[White "Bergez, Luc"]
[Black "Coimbra, Margarida"]
[Result "0-1"]
[WhiteElo "2368"]
[BlackElo "2071"]
[PlyCount "55"]
[EventDate "2014.07.04"]
[EventType "swiss"]
[EventRounds "9"]
[EventCountry "ESP"]
[Source "lmi"]
[SourceDate "2014.07.04"]

1. e4 e5 2. Nf3 Nc6 3. Bc4 Bc5 4. O-O Nf6 5. d4 exd4 6. e5 d5 7. exf6 dxc4 8.
Re1+ Be6 9. Ng5 g6 10. Qf3 O-O 11. Rxe6 fxe6 12. f7+ Kh8 13. Qh3 h5 14. g4 Qf6
15. gxh5 Qf5 16. Qxf5 gxf5 17. Nxe6 Rxf7 18. Nxc5 Rg8+ 19. Kf1 Rfg7 20. Na3
Rg1+ 21. Ke2 Re8+ 22. Kf3 b6 23. Na6 Ree1 24. Bf4 Rxa1 25. Nxc4 d3 26. cxd3
Rae1 27. Bd2 Nd4+ 28. Kf4 0-1

[Event "37. Open Barberá del Vallés 2014"]
[Site "Barberá del Vallés ESP"]
[Date "2014.07.04"]
[Round "1.23"]
[White "Jareno Badenas, Aleix"]
[Black "Akshat, Khamparia"]
[Result "0-1"]
[WhiteElo "2064"]
[BlackElo "2367"]
[PlyCount "86"]
[EventDate "2014.07.04"]
[EventType "swiss"]
[EventRounds "9"]
[EventCountry "ESP"]
[Source "lmi"]
[SourceDate "2014.07.04"]

1. e4 d5 2. exd5 Nf6 3. Nf3 Nxd5 4. d4 g6 5. c4 Nb6 6. Be3 Bg7 7. Nc3 O-O 8. h3
Nc6 9. Be2 e5 10. d5 Ne7 11. Qd2 Nf5 12. g4 Nxe3 13. Qxe3 Re8 14. O-O-O e4 15.
Nd4 Qe7 16. g5 a6 17. h4 f5 18. h5 Qe5 19. hxg6 hxg6 20. Qh3 Kf7 21. c5 f4 22.
Qf1 f3 23. Bc4 Nxc4 24. Qxc4 Kf8 25. Kb1 Bd7 26. Rh7 b5 27. Qb3 Rab8 28. d6 c6
29. a3 Qxc5 30. Nc2 Qc4 31. Qxc4 bxc4 32. Kc1 Kg8 33. Rh4 Bf5 34. Nd4 Bd7 35.
Rxe4 c5 36. Nxf3 Rxe4 37. Nxe4 Bxb2+ 38. Kd2 Bf5 39. Nf6+ Kg7 40. Ke3 c3 41.
Ne1 c2 42. Nxc2 Bxc2 43. Rh1 Bxf6 0-1

[Event "37. Open Barberá del Vallés 2014"]
[Site "Barberá del Vallés ESP"]
[Date "2014.07.04"]
[Round "1.24"]
[White "Sardana, Rishi"]
[Black "Messina, Roberta"]
[Result "1-0"]
[WhiteElo "2363"]
[BlackElo "2057"]
[PlyCount "65"]
[EventDate "2014.07.04"]
[EventType "swiss"]
[EventRounds "9"]
[EventCountry "ESP"]
[Source "lmi"]
[SourceDate "2014.07.04"]

1. e4 c5 2. Nf3 d6 3. d4 cxd4 4. Nxd4 Nf6 5. Nc3 a6 6. h3 e6 7. g4 Be7 8. Bg2
Nfd7 9. Be3 Nc6 10. h4 Qc7 11. g5 Nc5 12. h5 b5 13. Nxc6 Qxc6 14. Qd4 e5 15.
Qd2 Be6 16. Nd5 Na4 17. O-O-O Rc8 18. Kb1 Bd8 19. f4 Ba5 20. Qd3 Bxd5 21. exd5
Qc7 22. fxe5 Bc3 23. exd6 Qxd6 24. Qe4+ Kf8 25. Bf4 Qc5 26. Bc1 Qd6 27. Rhf1
Rc4 28. Qe6 Qxe6 29. dxe6 Bd4 30. Rxf7+ Ke8 31. Rxd4 Rxd4 32. Bc6+ Kd8 33. e7+
1-0

[Event "37. Open Barberá del Vallés 2014"]
[Site "Barberá del Vallés ESP"]
[Date "2014.07.04"]
[Round "1.26"]
[White "Sos Andreu, Eric"]
[Black "Fernandez Aguilar, Francisco"]
[Result "1-0"]
[WhiteElo "2345"]
[BlackElo "2049"]
[PlyCount "73"]
[EventDate "2014.07.04"]
[EventType "swiss"]
[EventRounds "9"]
[EventCountry "ESP"]
[Source "lmi"]
[SourceDate "2014.07.04"]

1. d4 d5 2. c4 c6 3. Nf3 Nf6 4. e3 Bg4 5. h3 Bh5 6. cxd5 cxd5 7. Nc3 Bxf3 8.
Qxf3 e6 9. Bd3 Nc6 10. O-O Bd6 11. Bd2 O-O 12. Rac1 Rc8 13. Qd1 a6 14. Na4 Nd7
15. b4 Nxb4 16. Rxc8 Qxc8 17. Bxb4 Bxb4 18. Qb1 Ba3 19. Bxh7+ Kh8 20. Qb3 Bd6
21. Bb1 b5 22. Nb2 Nb6 23. Qd1 g6 24. h4 Kg7 25. g3 Rh8 26. Kg2 Nc4 27. Nd3 Na3
28. Qd2 e5 29. dxe5 Rxh4 30. Nf4 Bxe5 31. gxh4 Qg4+ 32. Kh1 Qxh4+ 33. Kg1 Nc4
34. Qxd5 Bxf4 35. Qd4+ Ne5 36. Qxf4 Qh5 37. Kg2 1-0